000
00268nam a22000977a 4500
999
_c
9534
_d
9534
008
180201b ||||| |||| 00| 0 eng d
020
_a
9788124501955
100
_a
Jaini, C
_9
5706
245
_a
ABC of Information Technology - IX
260
_a
New Delhi
_b
Arya Publication
_c
2008